[Event "Charlesbourg Capablanca"]
[Site "Charlesbourg"]
[Date "2011.01.17"]
[Round "3"]
[White "Plante, Rejean"]
[Black "Chouinard, Marc"]
[Result "1/2-1/2"]
[WhiteElo "2062"]
[BlackElo "2058"]
[PlyCount "79"]
[EventDate "2011.01.03"]
[EventType "swiss"]
[EventRounds "5"]
[EventCountry "CAN"]
[SourceTitle "EXT 2022"]
[Source "ChessBase"]
[SourceDate "2021.10.06"]
[SourceVersion "1"]
[SourceVersionDate "2021.10.06"]
[SourceQuality "1"]

1. d4 Nf6 2. Bg5 d5 3. Bxf6 exf6 4. e3 Be6 5. Bd3 Nd7 6. Qf3 c6 7. Ne2 g6 8. Nd2 Bg7 9. 0-0 0-0 10. b3 f5 11. Rfd1 Nf6 12. c4 Ne4 13. Nf4 Re8 14. Rac1 Rc8 15. Rc2 Re7 16. Nb1 Rec7 17. Qe2 Bh6 18. Nxe6 fxe6 19. b4 Qe7 20. a3 Bg7 21. Rdc1 a6 22. f3 Nd6 23. f4 b5 24. cxb5 cxb5 25. Rc5 Nc4 26. a4 Qd7 27. axb5 axb5 28. Nc3 Rb7 29. Ra1 Bf8 30. Rxc8 Qxc8 31. Rb1 Qa8 32. Qe1 Qa3 33. Ra1 Qxb4 34. Rb1 Qa5 35. Rb3 Bb4 36. Qc1 Bxc3 37. Rxc3 b4 38. Rb3 Rc7 39. Qe1 Rb7 40. Qc1 1/2-1/2

[Event "Quebec Festival II"]
[Site "Quebec"]
[Date "2005.08.01"]
[Round "3"]
[White "Lessard, Claude"]
[Black "Chouinard, Marc"]
[Result "1/2-1/2"]
[WhiteElo "1969"]
[BlackElo "1656"]
[PlyCount "64"]
[EventDate "2005.07.18"]
[EventType "swiss"]
[EventRounds "5"]
[EventCountry "CAN"]
[SourceTitle "EXT 2009"]
[Source "ChessBase"]
[SourceDate "2008.11.26"]
[SourceVersion "1"]
[SourceVersionDate "2008.11.26"]
[SourceQuality "1"]

1. d4 Nf6 2. Nf3 d5 3. c4 e6 4. Nc3 Be7 5. Bf4 c6 6. e3 0-0 7. Bd3 Nbd7 8. h3 dxc4 9. Bxc4 b5 10. Bd3 Bb7 11. 0-0 a6 12. Rc1 c5 13. a3 Rc8 14. Qe2 cxd4 15. exd4 Nd5 16. Nxd5 Bxd5 17. Rxc8 Qxc8 18. Rc1 Qa8 19. Rc7 Bxf3 20. gxf3 Qd8 21. Qe4 Nf6 22. Qe5 Nd5 23. Rc6 Nxf4 24. Qxf4 Qa8 25. Qe4 g6 26. d5 exd5 27. Qxd5 Rc8 28. Rxc8+ Qxc8 29. Kg2 Kg7 30. Be4 Bf6 31. b3 Qc1 32. a4 Qg5+ 1/2-1/2

[Event "Charlesbourg op2"]
[Site "Charlesbourg"]
[Date "2004.08.16"]
[Round "5"]
[White "Sauve, Richard"]
[Black "Chouinard, Marc"]
[Result "1-0"]
[WhiteElo "1988"]
[BlackElo "1580"]
[PlyCount "59"]
[EventDate "2004.07.??"]
[EventType "swiss"]
[EventRounds "5"]
[EventCountry "CAN"]
[SourceTitle "EXT 2006"]
[Source "ChessBase"]
[SourceDate "2005.11.24"]
[SourceVersion "1"]
[SourceVersionDate "2005.11.24"]
[SourceQuality "1"]

1. d4 Nf6 2. c4 c5 3. d5 e6 4. Nc3 exd5 5. cxd5 d6 6. e4 g6 7. Be2 Bg7 8. Nf3 0-0 9. 0-0 Re8 10. Nd2 a6 11. a4 Nbd7 12. f3 Rb8 13. Nc4 Ne5 14. Nxe5 Rxe5 15. Bf4 Re8 16. Qd2 Nh5 17. Be3 f5 18. Bg5 Bd4+ 19. Kh1 Qc7 20. Rac1 Nf6 21. b4 fxe4 22. bxc5 dxc5 23. Bf4 Be5 24. d6 Qc6 25. Nxe4 Nxe4 26. fxe4 Bd7 27. Bc4+ Kg7 28. Bxe5+ Rxe5 29. Rf7+ Kh8 30. Qh6 1-0